Empresarios, indios y estado : (Record no. 66831)
[ view plain ]
| 000 -LEADER | |
|---|---|
| fixed length control field | 00885cam a2200205 4500 |
| 005 - DATE AND TIME OF LATEST TRANSACTION | |
| control field | 20180118100535.0 |
| 008 - FIXED-LENGTH DATA ELEMENTS--GENERAL INFORMATION | |
| fixed length control field | s1992 mx spa |
| 020 ## - INTERNATIONAL STANDARD BOOK NUMBER | |
| International Standard Book Number | 9688590746 |
| 050 04 - LIBRARY OF CONGRESS CALL NUMBER | |
| Classification number | HC135 |
| Item number | E47 1992 |
| 245 00 - TITLE STATEMENT | |
| Title | Empresarios, indios y estado : |
| Remainder of title | perfil de la economía mexicana (siglo XVIII) |
| Statement of responsibility, etc | / Arij Ouweneel, María Cristina Torales Pacheco, coord. y comp. |
| 260 ## - PUBLICATION, DISTRIBUTION, ETC. (IMPRINT) | |
| Place of publication, distribution, etc | México : |
| Name of publisher, distributor, etc | Universidad Iberoamericana, Departamento de Historia, |
| Date of publication, distribution, etc | 1992. |
| 300 ## - PHYSICAL DESCRIPTION | |
| Extent | 355 p. ; |
| Dimensions | 21 cm. |
| 650 #7 - SUBJECT ADDED ENTRY--TOPICAL TERM | |
| Source of heading or term | LEMB |
| Topical term or geographic name as entry element | Indios de México |
| General subdivision | Comercio |
| Chronological subdivision | Siglo XVIII |
| 651 #7 - SUBJECT ADDED ENTRY--GEOGRAPHIC NAME | |
| Geographic name | México |
| General subdivision | Comercio |
| -- | Historia |
| 651 #7 - SUBJECT ADDED ENTRY--GEOGRAPHIC NAME | |
| Source of heading or term | LEMB |
| Geographic name | Mexico |
| General subdivision | Condiciones económicas |
| -- | Historiografia |
| 700 1# - ADDED ENTRY--PERSONAL NAME | |
| Personal name | Ouweneel, Arij, coord. |
| Dates associated with a name | [1957- ] |
| Relator term | comp. |
| 700 1# - ADDED ENTRY--PERSONAL NAME | |
| Personal name | Torales Pacheco, María Cristina, |
| Relator term | coord. |
| 710 1# - ADDED ENTRY--CORPORATE NAME | |
| Corporate name or jurisdiction name as entry element | México : |
| Subordinate unit | Universidad Iberoamericana, Departamento de Historia |
| 942 ## - ADDED ENTRY ELEMENTS (KOHA) | |
| Source of classification or shelving scheme | Biblioteca del Cogreso de los Estados Unidos |
| Koha item type | Libro |
| Estado de pérdida | Fuente de clasificación | Estado del daño | No para préstamo | Ubicación permanente | Ubicación actual | Apartado o colección | Fecha de adquisición | Edición | Dependencia de educación superior (DES) | Área del conocimiento | Clasificación | Código de Barras | Date last seen | Número de copia | Tipo de recurso | Nota pública |
|---|---|---|---|---|---|---|---|---|---|---|---|---|---|---|---|---|
| Biblioteca del Cogreso de los Estados Unidos | Biblioteca del Instituto de Investigaciones Históricas | Biblioteca del Instituto de Investigaciones Históricas | General | 13/06/2017 | 1a ed. | Humanidades | Ciencias Sociales y Administrativas | HC135 E47 1992 | IIH000016383 | 13/06/2017 | C:1 | Libro | GENERAL | |||
| Biblioteca del Cogreso de los Estados Unidos | Biblioteca del Instituto de Investigaciones Históricas | Biblioteca del Instituto de Investigaciones Históricas | General | 13/06/2017 | 1a ed. | Humanidades | Ciencias Sociales y Administrativas | HC135 E47 1992 | IIH000016382 | 13/06/2017 | C:2 | Libro | GENERAL | |||
| Biblioteca del Cogreso de los Estados Unidos | Biblioteca del Instituto de Investigaciones Históricas | Biblioteca del Instituto de Investigaciones Históricas | General | 13/06/2017 | 1a ed. | Humanidades | Ciencias Sociales y Administrativas | HC135 E47 1992 | IIH000016381 | 13/06/2017 | C:3 | Libro | GENERAL |